Mezinárodní desetinné třídění Zkrácené vydání

Saved in:
Bibliographic Details
Format: Book
Language:Czech
Published: Praha Artifex 1994
Edition:1. vyd.
Subjects:
Tags: Add Tag
No Tags, Be the first to tag this record!

MARC

LEADER 00000nam a2200000 4500
001 c005717
005 20221214075335.6
020 |a 80-900034-6-X 
041 0 |a cze 
044 |a CZ 
245 1 0 |a Mezinárodní desetinné třídění  |b Zkrácené vydání 
250 |a 1. vyd. 
264 1 |a Praha  |b Artifex  |c 1994 
300 |a 177 s. 
610 2 0 |a MDT 
610 2 0 |a klasifikácia 
610 2 0 |a knihoveda